| 000 | 01026nam a2200265 a 4500 | ||
|---|---|---|---|
| 001 | 000023242 | ||
| 005 | 20200930022101.0 | ||
| 008 | 101130s1995 sp r 000 j spa d | ||
| 020 | _aCuentos de cabecera | ||
| 040 |
_aDO-SdBNP _bspa _cBNPHU |
||
| 082 |
_axxx _bC965c |
||
| 245 | 1 | 0 |
_aCuentos de cabecera / _cEmma Cohen...[et al]; ilustración de Imma Pla. |
| 260 |
_aBarcelona : _bPlaneta-De Agostini , _c1995. |
||
| 300 |
_a93 p. ; _c18 cm. |
||
| 490 |
_aCuentos de Cabecera; _v5 |
||
| 500 | _aEdición especial para NH. | ||
| 505 |
_tEl hombre de la gabardina / _rEmma Cohen _tEn el gran Ecbó / _rGuillermo Cabrera Infante _tConcierto sobre la hierba /Una tarde rota / _rJuan García Hortelano _tAd porcos / Moscas y arañas / _rAdolfo Bioy Casares |
||
| 700 | 1 |
_aCohen, Emma _921720 |
|
| 700 | 1 |
_aCabrera Infante, Guillermo _947867 |
|
| 700 | 1 |
_aGarcía Hortelano, Juan _947868 |
|
| 700 | 1 |
_aBioy Casares, Adolfo _946273 |
|
| 700 | 1 |
_aPla, Imma _eil. _947869 |
|
| 830 | 0 |
_aCuentos de Cabecera; _v5 _947870 |
|
| 049 | _aBNGR | ||
| 999 |
_c22739 _d22739 |
||